Pure Rock Type Pokémon - Statistics

General Stats
  • This quiz has been taken 63 times
    19 since last reset
  • The average score is 18 of 19
Answer Stats
Region Number Answer % Correct
0525 Boldore
100%
0526 Gigalith
100%
0745 Lycanroc (Dusk Form)
100%
0745 Lycanroc (Midday Form)
100%
0745 Lycanroc (Midnight Form)
100%
0377 Regirock
100%
Alola 0744 Rockruff
100%
Unova 0524 Roggenrola
100%
Sinnoh 0408 Cranidos
93%
0934 Garganacl
93%
Hoenn 0299 Nosepass
93%
0409 Rampardos
93%
0438 Bonsly
86%
Paldea 0932 Nacli
86%
0933 Naclstack
86%
Galar 0837 Rolycoly
86%
Johto 0185 Sudowoodo
86%
0950 Klawf
79%
0874 Stonjourner
79%
No matching quizzes found
Score Distribution
Percent of People with Each Score
Percentile by Number Answered
Your Score History
You have not taken this quiz since the last reset